Salud pública y enfermeria comunitaria / (Registro nro. 21360)

Detalles MARC
000 -LEADER
fixed length control field 02633nam a2200289 i 4500
003 - CONTROL NUMBER IDENTIFIER
control field CO-CtgCURN
005 - DATE AND TIME OF LATEST TRANSACTION
control field 20260217161617.0
007 - PHYSICAL DESCRIPTION FIXED FIELD--GENERAL INFORMATION
fixed length control field ta
008 - FIXED-LENGTH DATA ELEMENTS--GENERAL INFORMATION
fixed length control field 140120s2018 sp a f 001 0 spa c
020 ## - INTERNATIONAL STANDARD BOOK NUMBER
International Standard Book Number 9786073001946
040 ## - CATALOGING SOURCE
Original cataloging agency CO-CtgCURN
Language of cataloging spa
Transcribing agency coctgcurn
082 04 - DEWEY DECIMAL CLASSIFICATION NUMBER
Classification number 610.73
Item number G643
100 1# - MAIN ENTRY--PERSONAL NAME
Personal name González Velázquez, María Susana.
245 10 - TITLE STATEMENT
Title Salud pública y enfermeria comunitaria /
Statement of responsibility, etc. María Susana González Velázquez; Silvia Crespo Knopfler.
260 ## - PUBLICATION, DISTRIBUTION, ETC.
Place of publication, distribution, etc. Ciudad de México :
Name of publisher, distributor, etc. Facultad de Estudios Superior Zaragoza :
-- Manual Moderno,
Date of publication, distribution, etc. 2018.
300 ## - PHYSICAL DESCRIPTION
Extent 93 páginas ;
Dimensions 24 cm.
500 ## - GENERAL NOTE
General note Indice.
504 ## - BIBLIOGRAPHY, ETC. NOTE
Bibliography, etc. note Bibliografia.
520 8# - SUMMARY, ETC.
Summary, etc. "Salud pública y enfermería comunitaria es una obra que aborda temas de gran importancia acerca del trabajo que la enfermera realiza en la comunidad. Este libro tiene el propósito de servir como una guía para los profesionales de la salud y estudiantes de enfermería. Salud pública y enfermería comunitaria es un texto que se divide en dos apartados. El primero revisa aspectos conceptuales y está integrado por siete capítulos, los cuales abordan temas como son: los antecedentes de la enfermería y salud pública en México; el perfil de la enfermera en salud pública; aspectos conceptuales de la atención primaria; qué es la comunidad?, y sus clasificaciones; qué conocimientos y habilidades necesita la enfermera para realizar el trabajo comunitario?; el estudio de la comunidad y el diagnóstico de salud, entre otros. Cabe señalar que se planean dos temas que ha cobrado gran importancia en los últimos años, que son: el papel del cuidador primario en el cuidado de su familiar y cuál es el de enfermería, y la normatividad en los procesos de salud pública y la participación de la enfermera. El segundo apartado del libro se ha denominado Instrumentos comunitarios, los cuales son fundamentales para el trabajo de la enfermera, como por ejemplo, el estudio de la cartografía, sus objetivos, usos, entre otros. Salud pública y enfermería comunitaria es un libro de gran utilidad para los estudiantes de enfermería en los diferentes niveles de formación, pues les proveerá de las herramientas necesarias para el trabajo comunitario, y el entendimiento de su importancia para la enfermera."
590 ## - LOCAL NOTE (RLIN)
Local note Comunidad y Medio ambiente (Enfermería)
650 14 - SUBJECT ADDED ENTRY--TOPICAL TERM
Topical term or geographic name entry element Enfermeria comunitaria.
650 14 - SUBJECT ADDED ENTRY--TOPICAL TERM
Topical term or geographic name entry element Public health nursing.
700 1# - ADDED ENTRY--PERSONAL NAME
Personal name Crespo Knopfler, Silvia.
942 ## - ADDED ENTRY ELEMENTS (KOHA)
Classification part 610.73
Item part G643
Koha item type Libros
Source of classification or shelving scheme Dewey Decimal Classification
Suppress in OPAC No
Existencias
Withdrawn status Lost status Source of classification or shelving scheme Damaged status Not for loan Collection Home library Current library Shelving location Date acquired Source of acquisition Cost, normal purchase price Inventory number Total checkouts Full call number Barcode Date last seen Copy number Price effective from Koha item type Public note Date last checked out
    Dewey Decimal Classification     General Miguel Henríquez Emiliani Miguel Henríquez Emiliani General 09/21/2017 International Books 256000.00 023187   610.73 G643 023187 09/21/2017 ej.1 09/21/2017 Libros 610-CIENME  
    Dewey Decimal Classification     General Miguel Henríquez Emiliani Miguel Henríquez Emiliani General 09/21/2017 Díaz de Santos 256000.00 024853 1 610.73 G643 024853 05/21/2025 ej.2 09/21/2017 Libros 610-CIENME 05/19/2025